|
|
|
|
| LEADER |
00000nam0a2200000 4500 |
| 001 |
288419 |
| 005 |
20231102000103.0 |
| 010 |
|
|
|a 9785896652786
|
| 035 |
|
|
|a (RuTPU)RU\TPU\book\312887
|
| 090 |
|
|
|a 288419
|
| 100 |
|
|
|a 20150325d2014 k y0rusy50 ca
|
| 101 |
0 |
|
|a rus
|
| 102 |
|
|
|a RU
|
| 105 |
|
|
|a a z 001zy
|
| 200 |
1 |
|
|a Потенциал устойчивого развития ареалов проживания и экономическая оценка качества жизни коренных малочисленных народов Севера
|f Российская академия наук (РАН), Сибирское отделение (СО), Институт экономики и организации промышленного производства (ИЭОПП)
|
| 210 |
|
|
|a Новосибирск
|c Изд-во ИЭОПП СО РАН
|d 2014
|
| 215 |
|
|
|a 144 с.
|c ил.
|
| 320 |
|
|
|a Библиогр.: с. 111-114.
|
| 330 |
|
|
|a Работа подготовлена сотрудниками Красноярского отдела и Центра ресурсной экономики Института экономики и организации промышленного производства СО РАН.В обобщенном виде представлены основные проблемы и тенденции адаптации коренных малочисленных народов Севера (КМНС) к новым условиям социально-экономического развития России.Проанализированы особенности политико-правового положения, территориальные особенности расселения КМНС и проблемы этно-географи чес кого районирования; отражены социально-экономические проблемы создания территорий традиционного природопользования; проблемы этнологической экспертизы проектов промышленного развития на территориях традиционного проживания и хозяйственной деятельности КМНС, дана оценка эффективности механизмов государственной поддержки экономического и социального развития КМНС; обобщен опыт разработки программ развития КМНС; предложен методический подход для оценки потенциала устойчивого развития ареалов проживания и качества жизни КМНС; показана необходимость соучастия коренных народов в реализации проектов освоения недр; разработан подход к оценке институциональных трансформаций во взаимоотношениях коренных народов и недропользователей.Издание адресовано широкому кругу специалистов органов государственного и муниципального управления, а также может быть рекомендовано научным работникам, преподавателям и студентам экономических вузов.
|
| 606 |
1 |
|
|a Экономическая география
|y Азиатская часть РФ
|y Сибирь
|y Дальний Восток
|2 stltpush
|3 (RuTPU)RU\TPU\subj\37367
|9 58394
|
| 610 |
1 |
|
|a устойчивое развитие
|
| 610 |
1 |
|
|a проживание
|
| 610 |
1 |
|
|a ареалы
|
| 610 |
1 |
|
|a качество жизни
|
| 610 |
1 |
|
|a народы Севера
|
| 610 |
1 |
|
|a коренные народы
|
| 610 |
1 |
|
|a малочисленные народы
|
| 686 |
|
|
|a У04(2Р5)
|v LBC/SL-A
|2 rubbk
|
| 712 |
0 |
2 |
|a Российская академия наук (РАН)
|b Сибирское отделение (СО)
|b Институт экономики и организации промышленного производства (ИЭОПП)
|c (Новосибирск)
|2 stltpush
|3 (RuTPU)RU\TPU\col\1303
|
| 801 |
|
1 |
|a RU
|b 63413507
|c 20150325
|
| 801 |
|
2 |
|a RU
|b 63413507
|c 20150402
|g RCR
|
| 942 |
|
|
|c BK
|